00931nam a2200253 a 450000100100000000500170001000800410002702000150006804000250008308200200010810000410012824500550016926000370022430000210026149000240028250400730030665000270037965000310040671000620043783000310049904900090053095201230053999900150066200000533820240530073911.0090819s1996 sp 000 0 spa d a8400076052 aDO-SdBNPbspacBNPHU aRD863.44bP438n1 aPérez Bowie, José Antonio91513713aLa novela teatral /cJosé Antonio Pérez Bowie. aMadrid, España :bCSIC,c1996. a351 p. ;c22 cm.1 aLiteratura brevev1 aIncluye referencias bibliográficas y notas al pie de las páginas 0aNovela dominicana9223 0aLiteratura dominicana.9671 aConsejo Superior de Investigaciones C ientíficas915138 0aLiteratura breven1915139 aBNPD 001054708MOaGRbGRcHDd2009-08-19iLF1l0oRD863.44 P438np5338-10r2020-06-25w2020-06-25y4ZPréstamo en sala c5139d5139